00226nam a2200097Ia 4500008004100000100002300041245002100064260002700085300000800112650000800120191201s2011 xx 000 0 und d aREEDY, P. Narayana 0aEntrepreneurship bCengage Learningc2011 a402 aMBA